| 000 | 01063cam a22002655a 4500 | ||
|---|---|---|---|
| 001 | L141003 | ||
| 008 | 071024s2007 xxk f f 000 0 eng d | ||
| 020 | _a9780860177098 | ||
| 035 | _a(Sirsi) u141003 | ||
| 041 | 0 | _aeng | |
| 050 | 0 | 4 | _a526.96 $2 18 |
| 100 | 1 | _aSadgrove, B. M. | |
| 245 | 0 | 0 | _aSetting-out procedures for the modern built environment |
| 260 |
_aLondon _bCIRIA _c2007 |
||
| 300 |
_a143p. _c22cm. |
||
| 490 | 0 |
_aCIRIA _vC709 |
|
| 520 | _aThis handbook contains recommendations for the setting-out of building and civil engineering works, which are based on the practical experience of practising engineers and can be applied to most small to medium sized contracts. Includes modern instrumentation and techniques, and a section on Global Positioning Systems. | ||
| 521 | 2 | _aAdvanced | |
| 590 | _aKA | ||
| 651 | 4 |
_aUnited Kingdom _y |
|
| 690 | _aENVIRONMENTAL AND LAND CONSULTANCY-GEOMATICS-ENGINEERING SURVEYING | ||
| 700 | 1 | _aDanson, E. | |
| 710 | 1 |
_aConstruction Industry Research and Information Association _94810 |
|
| 942 | _n0 | ||
| 999 |
_c107598 _d107598 |
||